| 000 | 00826nas a2200253Ia 4500 | ||
|---|---|---|---|
| 001 | R703/49217 | ||
| 003 | IT-RoPAU | ||
| 008 | 151124c99999999xx |||||||||||| ||und|| | ||
| 040 | _aIT-RoPAU | ||
| 040 | _cIT-RoPAU | ||
| 041 | _aFRANCESE | ||
| 100 |
_aRey Alain _gCodice Aut. SPICS: 2100 |
||
| 210 | _aSEMIOTICA | ||
| 222 | _aSemiotica | ||
| 245 |
_aSEMIOTICA, VOL.04-N.1 (1971) _bTheorie Positiviste Des Langages (La): Auguste Comte Et la Semiotique |
||
| 250 | _a1a ed. | ||
| 260 |
_aTHE HAGUE _bMOUTON _c1971 |
||
| 501 |
_bPaulus - SPICS - Società San Paolo EM (non-commercial uses only) _cCopyright2015 |
||
| 300 | _a23 p. [52-74] | ||
| 362 | _aVOL.04, N.01 (1971) | ||
| 500 | _aTeoria Positivista dei Linguaggi: Augusto Comte e la Semiotica. | ||
| 650 |
_aSEMIOTICA _vPUBBLICAZIONE PERIODICA |
||
| 942 | _cCR | ||
| 999 |
_c181978 _d181978 |
||